Current pediatric diagnosis & treatment / (Record no. 671)
[ view plain ]
| 000 -LEADER | |
|---|---|
| fixed length control field | 00696nam a2200217Ia 4500 |
| 020 ## - INTERNATIONAL STANDARD BOOK NUMBER | |
| ISBN | 0071463003 (pbk.) |
| 020 ## - INTERNATIONAL STANDARD BOOK NUMBER | |
| ISBN | 9780071463003 (pbk.) |
| 050 ## - CALL NUMBER | |
| Classification number | RJ1 .C86 CUR REF |
| 100 ## - AUTHOR | |
| Personal name | Hay,William W |
| 245 00 - TITLE | |
| Title | Current pediatric diagnosis & treatment / |
| Statement of responsibility, etc | edited by William W. Hay, Jr., ... [et al.]. |
| 250 ## - EDITION | |
| Edition statement | 18th ed. |
| 260 ## - PUBLICATION INFORMATION | |
| Place of publication | Stamford, Conn. : |
| Name of publisher | Lange ; |
| Place of publication | London : |
| Name of publisher | McGraw-Hill [distributor], |
| Year of publication | c2007. |
| 300 ## - DESCRIPTION | |
| Number of Pages | xviii, 1390 p. : |
| Other physical details | ill. ; |
| Dimensions | 24 cm. |
| 440 #2 - SERIES | |
| SERIES | A Lange medical book. |
| 500 ## - NOTES | |
| General note | Previous ed.: 2005. |
| 650 #0 - SUBJECTS | |
| Topical Term | Pediatrics |
| 650 #0 - SUBJECTS | |
| Topical Term | Children |
| General subdivision | Diseases |
| -- | Treatment |
| 650 #0 - SUBJECTS | |
| Topical Term | Children |
| General subdivision | Diseases |
| -- | Diagnosis |
| 700 1# - OTHER AUTHORS | |
| Personal name | Hay, William W. |
| 942 ## - ADDED ENTRY ELEMENTS (KOHA) | |
| Koha item type | Books |
| Withdrawn status | Lost status | Home library | Current library | Shelving location | Date acquired | Full call number | Accession Number | Copy number | Koha item type |
|---|---|---|---|---|---|---|---|---|---|
| Methodist University Library Wenchi Nursing | Methodist University Library Wenchi Nursing | Reference | 03/11/2017 | RJ1 .C86 CUR REF | 33711 | 1 | Books | ||
| Methodist University Library Wenchi Nursing | Methodist University Library Wenchi Nursing | Reference | 03/11/2017 | RJ1 .C86 CUR REF | 33710 | 2 | Books |